01352nmc a2200481 a 4500003000900000005001700009008004100026020001800067040001300085245007400098250001200172260003300184300001100217490002600228650002200254650002100276650001600297650001800313650003400331650001500365650001500380651001400395651001200409651002100421700003400442700003700476700002700513700001900540700002100559700003100580700001800611700001900629700002600648700002300674700001900697700002100716700002300737700002400760700002200784700001800806700002100824800002500845AR-BaBNM20251128211130.0092120s2001 ||||||||||||||000 | spa|| a950-12-8907-9 cAR-BaBNM10aPolítica e instituciones en las nuevas democracias latinoamericanas a1ª ed. aBuenos AiresbPaidósc2001 a451 p. 0aLatinoamericanavv. 7 4aHISTORIA POLITICA 4aCRISIS POLITICAS 4aPRESIDENCIA 4aVIDA POLITICA 4aPARTIDOS POLITICOS ARGENTINOS 4aCIUDADANIA 4aDEMOCRACIA 4aArgentina 4aBolivia 4aAmérica Latina1 aCheresky, Isidoroecompilador1 aPousadela, Inés M.ecompilador1 aAboy Carlés, Gerardo1 aDallmayr, Fred1 aFregosi, Renée1 aGarretón, Manuel Antonio1 aHilb, Claudia1 aLanzaro, Jorge1 aLanzarte Rojas, Jorge1 aLindenberg, Daniel1 aNovaro, Marcos1 aPalermo, Vicente1 aPanizza, Francisco1 aPeruzzotti, Enrique1 aPessanha, Charles1 aQuiroga, Hugo1 aStrasser, Carlos1 aMazzuca, Sebastián